| 000 | 00385nam a2200145Ia 4500 | ||
|---|---|---|---|
| 008 | 220217s9999||||xx |||||||||||||| ||und|| | ||
| 020 | _a81-297-0109-X | ||
| 082 | _a004.165 SHO | ||
| 100 | _aShort, Kenneth, L | ||
| 245 | 0 | _aMicroprocessors and programmed logic | |
| 250 | _a2nd | ||
| 260 |
_aPearson education _bNew Delhi _c2003 |
||
| 300 | _b325 | ||
| 650 | _aMICROPROCESSOR | ||
| 999 |
_c171126 _d171126 |
||